Tragedia de la destrucción de Constantinopla / (Record no. 93052)

MARC details
000 -LEADER
campo de control de longitud fija 00777nam a2200217 i 4500
001 - NÚMERO DE CONTROL
campo de control 93052
003 - IDENTIFICADOR DE NÚMERO DE CONTROL
campo de control ES-MaACL
005 - FECHA Y HORA DE LA ÚLTIMA TRANSACCIÓN
campo de control 20250824075902.0
007 - CAMPO FIJO DE DESCRIPCIÓN FÍSICA--INFORMACIÓN GENERAL
campo de control de longitud fija t|
008 - DATOS DE LONGITUD FIJA--INFORMACIÓN GENERAL
campo de control de longitud fija 050407s1983 gw ||||1| spa d
020 ## - NÚMERO INTERNACIONAL ESTÁNDAR DEL LIBRO
Número Internacional Estándar del Libro 3-923593-02-3
100 1# - ENTRADA PRINCIPAL--NOMBRE DE PERSONA
Nombre de persona Lobo Lasso de la Vega, Gabriel.
9 (RLIN) 73025
245 10 - MENCIÓN DEL TÍTULO
Título Tragedia de la destrucción de Constantinopla /
Mención de responsabilidad, etc. Gabriel Lasso de la Vega; introducción, edición y notas de Alfredo Hermenegildo.
260 ## - PUBLICACIÓN, DISTRIBUCIÓN, ETC.
Lugar de publicación, distribución, etc. Kassel :
Nombre del editor, distribuidor, etc. Reichenberger,
Fecha de publicación, distribución, etc. 1983.
300 ## - DESCRIPCIÓN FÍSICA
Extensión VII, 134 p. ;
Dimensiones 25 cm.
490 1# - MENCIÓN DE SERIE
Mención de serie Teatro del Siglo de Oro. Ediciones críticas ;
Designación de volumen o secuencia 2
700 1# - ENTRADA AGREGADA--NOMBRE PERSONAL
Nombre de persona Hermenegildo, Alfredo.
9 (RLIN) 62746
830 00 - PUNTO DE ACCESO ADICIONAL DE SERIE-TÍTULO UNIFORME
Título uniforme Teatro del Siglo de Oro.
Nombre de parte o sección de la obra Ediciones críticas
Designación de volumen o secuencia 2
9 (RLIN) 183555
852 ## - LOCALIZACIÓN
Ubicación ES-MaACL
Número de control de estantería L-10394
Sublocalización o colección R.111845
Holdings
Estatus retirado Estado de pérdida Estado de daño No para préstamo Biblioteca de origen Biblioteca actual Ubicación en estantería Fecha de adquisición Fuente de adquisición Total de préstamos Signatura topográfica completa Código de barras Visto por última vez Precio de reemplazo Tipo de ítem Koha
        Biblioteca del Ateneo de Madrid Biblioteca del Ateneo de Madrid Depósito 2 17/01/2008     L-10394 1097135 23/02/2023 23/02/2023 Libro impreso